| 000 | 05051cam a22003255i 4500 | ||
|---|---|---|---|
| 999 |
_c7730 _d7730 |
||
| 003 | OSt | ||
| 005 | 20200513144110.0 | ||
| 008 | 180412t20162016njuabe b 001 0 eng d | ||
| 010 | _a 2017471932 | ||
| 016 | 7 |
_a017808747 _2Uk |
|
| 020 |
_a9781118909508 _q(hardcover) |
||
| 082 | 0 | 4 |
_a720.284 _223 |
| 245 | 0 | 0 |
_aArchitectural graphic standards / _cauthored by the American Institute of Architects ; Dennis J. Hall, FAIA, FCSI, editor-in-chief ; The Magnum Group, illustrator. |
| 250 | _aTwelfth edition. | ||
| 300 |
_axix, 1062 pages : _billustrations, maps, plans ; _c30 cm |
||
| 504 | _aIncludes bibliographical references and index. | ||
| 505 | 0 | _aSection 1. Design principles & construction documentation : Functional planning : Human factors ; Universal and accessible design -- Environment : Environmental factors ; Solar path and solar angle ; Climate zone ; Thermal control ; Daylighting ; Acoustics -- Building resiliency : Overview ; Components of building resilience ; Hazard-specific building-resilience considerations ; Maintainability ; Safety ; Security ; Security planning and design: continuing education ; Sustainability ; Good practices in resilience-based architectural designs ; Crime prevention through environmental design ; Lifecycle considerations in resilience-based design -- Architectural construction documentation : Drawings ; Construction specifications ; Building Information Modeling (BIM) ; Procurement documents -- Section 2. Materials : Concrete : Concrete forming and accessories ; Concrete reinforcing ; Typical components applicable to concrete work -- Masonry : Typical components applicable to masonry work ; Glass unit masonry ; Stone assemblies ; Masonry mortaring and grouting ; Masonry anchorage, reinforcing, and accessories ; Installation guidelines and construction tolerances -- Metals : Common characteristics, standards and practices ; Typical metal products incorporated into applicable work results ; Decorative metal ; Installation guidelines and construction tolerances -- Wood, plastics, and composites : Common characteristics, standards, and practices ; Wood classification ; Wood treatment ; Typical wood, plastic, and composite products incorporated into applicable work results ; Installation guidelines and construction tolerances -- Glass : Common characteristics, standards, and practices -- Section 3. Building elements : Element A: Substructure : Soils and soils explorations ; Foundations ; Cast-in-place concrete slab ; Crawl space construction ; Basement construction -- Element B: Shell : Design considerations ; Sustainability and energy ; Floor assemblies ; Roof assemblies ; Superstructure ; Exterior vertical enclosures ; Exterior horizontal enclosures -- Element C: Interiors : Interior construction -- Element D: Services : Conveying ; Other conveying equipment ; Plumbing ; Heating, ventilating, and air-conditioning (HVAC) : Design considerations ; Heating/cooling source components ; HVAC distribution arrangements and components ; HVAC delivery components ; HVAC control systems ; Fire protection ; Electrical ; Communications -- Element E: Equipment and furnishings : Equipment ; Furnishings -- Element F: Special construction : Design considerations of integrated construction ; Building modules ; Manufactured: fabricated rooms ; Special structures ; Manufactured engineered structures ; Special function construction ; Special facilities components ; Athletic and recreation special construction -- Element G: Sitework : Site earthwork ; Runoff control systems ; Water management ; Basement excavation ; Site grading ; Site improvements ; Parking lots ; Porous pavement ; Pedestrian paving ; Exterior stairs and ramps ; Athletic and recreation areas ; Site development ; Landscaping ; Selecting plants for rooftop planting ; Site civil utilities ; Porous paving systems ; Storm drainage grates ; Manholes, inlets, and catch basins ; Site electrical utilities -- Appendices : Classical architectural elements -- Mathematical data -- Structural calculations. | |
| 520 | _aA reference for building design and construction professionals. The twelfth edition features: up-to-date codes and standards, with over 300 new drawings, tables, and diagrams; new coverage of building resiliency, emphasizing the building envelope; material properties and performance analyses, with expanded materials selection; environmental factors including climate, thermal comfort, daylighting, and acoustics; sustainability and Universal Design principles integrated throughout the text. | ||
| 650 | 0 |
_aBuilding _xDetails _xDrawings _xStandards. |
|
| 650 | 0 |
_aArchitectural drawing _xStandards. |
|
| 650 | 0 | _aStandards, Engineering. | |
| 650 | 7 |
_aArchitectural drawing _xStandards. _2fast |
|
| 650 | 7 |
_aBuilding _xDetails _xDrawings _xStandards. _2fast |
|
| 650 | 7 |
_aStandards, Engineering. _2fast |
|
| 650 | 7 |
_aArkitekturritningar. _2sao |
|
| 650 | 7 |
_aByggnadsteknik. _2sao |
|
| 700 | 1 |
_aHall, Dennis J., _d1954- _eeditor. |
|
| 710 | 2 | _aAmerican Institute of Architects. | |
| 942 | _2ddc | ||